| 000 | 00905nas a22002537a 4500 | ||
|---|---|---|---|
| 999 |
_c6657 _d6657 |
||
| 003 | OSt | ||
| 005 | 20181022122821.0 | ||
| 008 | 131031d1993 spc||||| |||| 00| 0 eng d | ||
| 040 |
_cCDMR _bcat |
||
| 245 | 0 | 0 | _aFil directe del Sindicat de Periodistes de Catalunya |
| 246 | 3 | _aFil directe | |
| 260 |
_aBarcelona _bSindicat de Periodistes de Catalunya _c1993 - 2009 |
||
| 300 |
_anúm. _bil. _c43 cm |
||
| 310 | _aIrregular | ||
| 362 | 0 | _aNúm. 1 (des. 1993) - núm. 81 (jul. 2009) | |
| 377 | _acatalà | ||
| 500 | _aContinuat per: Fil directe en línia (revista electrònica) | ||
| 650 | 0 | 4 |
_93172 _aPeriodisme _zCatalunya _vRevistes |
| 650 | 0 | 4 |
_94580 _aButlletins d'informació |
| 710 | 2 |
_92905 _aSindicat de Periodistes de Catalunya |
|
| 740 | 0 | _aFil directe en línia | |
| 856 | 4 | 1 |
_uhttp://www.sindicatperiodistes.cat/documents-Fil-Directe _zDisponible en línia |
| 942 |
_2udc _cSER _s1 |
||